000 00353nam a22001457a 4500
082 _a380.141CUR
100 _aCURTIS B.N
245 _aCOCOA A TRADERS GUIDE
260 _aGENEVA
_bINTERNATIONAL TRADE CENTER UNCTAD/GATT
_c1987
300 _a269p
_bill;23cm
500 _ainclude,index
650 _atraders guide
700 _acurtis.b.n
942 _cBK
999 _c17095
_d17095